[Event "19th EUR-ch"]
[Site "Batumi GEO"]
[Date "2018.03.25"]
[Round "8.92"]
[White "Bellaiche, Anthony"]
[Black "Assaubaeva, Bibisara"]
[Result "1-0"]
[WhiteElo "2485"]
[BlackElo "2369"]
[EventDate "2018.03.17"]
[PlyCount "77"]

1.d4 Nf6 2.c4 g6 3.Nc3 Bg7 4.e4 d6 5.Nf3 O-O 6.Be2 e5 7.O-O Nc6 8.d5 Ne7 
9.Nd2 a5 10.Rb1 Bd7 11.b3 c6 12.Bb2 Ne8 13.dxc6 bxc6 14.c5 d5 15.Na4 f5 
16.exd5 cxd5 17.Nb6 Ra7 18.Nf3 e4 19.Ne5 Be6 20.f4 g5 21.g3 gxf4 22.gxf4 
Rc7 23.Kh1 Rxc5 24.Na4 Rc7 25.Rg1 Kh8 26.Rxg7 Nxg7 27.Qd4 Ng8 28.Ba3 Rf6 
29.Rg1 Rh6 30.Rg5 Nf6 31.Nc5 Bg8 32.Bb5 Ne6 33.Nxe6 Bxe6 34.Nc6 Qe8 35.Bb2
Qf8 36.Qe5 Rxc6 37.Bxc6 Bg8 38.Rxf5 Kg7 39.Rxf6 1-0

[Event "19th EUR-ch"]
[Site "Batumi GEO"]
[Date "2018.03.25"]
[Round "8.93"]
[White "Girya, Olga"]
[Black "Kacharava, Nikolozi"]
[Result "0-1"]
[WhiteElo "2482"]
[BlackElo "2362"]
[EventDate "2018.03.17"]
[PlyCount "40"]

1.d4 d6 2.e4 Nf6 3.Bd3 e5 4.c3 d5 5.dxe5 Nxe4 6.Nf3 Nc5 7.Bc2 Bg4 8.h3 Bh5
9.O-O Nc6 10.Re1 Be7 11.Nbd2 d4 12.Ne4 dxc3 13.Qxd8+ Rxd8 14.Nf6+ gxf6 15.
exf6 Bxf3 16.fxe7 Rd7 17.gxf3 Nd4 18.Be4 Nxe4 19.Rxe4 Rg8+ 20.Kf1 Nc2 0-1

[Event "19th EUR-ch"]
[Site "Batumi GEO"]
[Date "2018.03.25"]
[Round "8.94"]
[White "Tsoi, Dmitry"]
[Black "Stefanova, Antoaneta"]
[Result "0-1"]
[WhiteElo "2347"]
[BlackElo "2481"]
[EventDate "2018.03.17"]
[PlyCount "128"]

1.c4 c6 2.Nf3 d5 3.e3 Nf6 4.b3 Bf5 5.Bb2 e6 6.Be2 h6 7.O-O Nbd7 8.d4 a5 9.
Nc3 Be7 10.Bd3 Bxd3 11.Qxd3 O-O 12.Rfd1 Bb4 13.Na4 Bd6 14.Nc3 Bb4 15.Rac1 
Qb8 16.c5 Bxc3 17.Bxc3 b6 18.cxb6 Qxb6 19.Bb2 Rfc8 20.Ba3 a4 21.Be7 axb3 
22.axb3 Ne4 23.b4 Qb5 24.Ne1 Re8 25.Bc5 Ra2 26.Rc2 Qxd3 27.Rxd3 Ra1 28.Kf1
e5 29.Re2 f5 30.f3 Ng5 31.Rc3 Nxc5 32.bxc5 exd4 33.exd4 Rxe2 34.Kxe2 Ne6 
35.Nc2 Rg1 36.g3 Rg2+ 37.Kd3 f4 38.Ra3 Rxh2 39.gxf4 Nxf4+ 40.Kc3 Rf2 41.
Ra8+ Kh7 42.Nb4 Rxf3+ 43.Kd2 Ne6 44.Nxc6 Rf6 45.Ra5 h5 46.Ke3 Rf4 47.Ra2 
h4 48.Rd2 g5 49.Nb4 Nc7 50.Rf2 Re4+ 51.Kd3 Ne6 52.Nc2 h3 53.c6 g4 54.Ne3 
g3 55.c7 Nxc7 56.Rf7+ Kg6 57.Rxc7 h2 58.Rc1 Rxe3+ 59.Kxe3 g2 60.Kf2 h1=Q 
61.Rg1 Kf5 62.Rxg2 Kf4 63.Rg1 Qf3+ 64.Ke1 Ke3 0-1

[Event "19th EUR-ch"]
[Site "Batumi GEO"]
[Date "2018.03.25"]
[Round "8.95"]
[White "Aliev, Ravan"]
[Black "Kanmazalp, Ogulcan"]
[Result "1/2-1/2"]
[WhiteElo "2330"]
[BlackElo "2473"]
[EventDate "2018.03.17"]
[PlyCount "91"]

1.d4 Nf6 2.c4 g6 3.g3 Bg7 4.Bg2 O-O 5.Nc3 c5 6.Nf3 cxd4 7.Nxd4 Nc6 8.O-O 
Nxd4 9.Qxd4 d6 10.Qd2 a6 11.b3 Rb8 12.a4 Bd7 13.Bb2 Qb6 14.Qc2 Rfc8 15.e4 
Bc6 16.Nd5 Bxd5 17.exd5 Qc7 18.Qe2 Re8 19.Qd3 Nd7 20.Bxg7 Kxg7 21.Qd4+ Nf6
22.Rfe1 b6 23.Re3 Qc5 24.Qb2 e5 25.dxe6 Rxe6 26.Rxe6 fxe6 27.Re1 e5 28.Qd2
a5 29.h3 Rf8 30.Rd1 Nh5 31.Qe3 Qxe3 32.fxe3 Rd8 33.g4 Nf6 34.b4 axb4 35.
Rb1 Nd7 36.Rxb4 Kf7 37.Bc6 Ke7 38.Bxd7 Rxd7 39.Rxb6 Ra7 40.Rb4 Kd7 41.a5 
Rxa5 42.Rb7+ Ke6 43.Rxh7 Rc5 44.Rg7 Kf6 45.Rd7 Ke6 46.Rg7 1/2-1/2

[Event "19th EUR-ch"]
[Site "Batumi GEO"]
[Date "2018.03.25"]
[Round "8.96"]
[White "Miron, Lucian-Costin"]
[Black "Petriashvili, Nikoloz"]
[Result "1/2-1/2"]
[WhiteElo "2471"]
[BlackElo "2329"]
[EventDate "2018.03.17"]
[PlyCount "105"]

1.d4 d5 2.c4 c6 3.Nf3 Nf6 4.Nc3 g6 5.Bg5 dxc4 6.a4 Nd5 7.e4 Nxc3 8.bxc3 b5
9.Be2 Bg7 10.Qd2 O-O 11.O-O a6 12.Rfb1 Re8 13.Bf4 e5 14.Nxe5 Bxe5 15.dxe5 
Qxd2 16.Bxd2 Rxe5 17.Be3 Bb7 18.Rd1 Re8 19.e5 c5 20.f4 Nc6 21.Bf3 Na5 22.
Bxb7 Nxb7 23.Rd7 Na5 24.axb5 axb5 25.Bxc5 Nb3 26.Rxa8 Rxa8 27.Be3 h5 28.
Rd5 Ra1+ 29.Kf2 Ra2+ 30.Kf3 Rc2 31.Rxb5 Nd2+ 32.Bxd2 Rxd2 33.Rb8+ Kg7 34.
Rb7 Kg8 35.Rb8+ Kg7 36.Rb7 Kg8 37.f5 gxf5 38.Rc7 Rd3+ 39.Kf4 Rxc3 40.Kg5 
f4 41.Kxf4 Rc2 42.g3 Rxh2 43.Rxc4 Kg7 44.Kg5 Rh3 45.Rc3 h4 46.Kg4 Rxg3+ 
47.Rxg3 hxg3 48.Kxg3 Kf8 49.Kf4 Ke7 50.Kf5 Kd7 51.Kf6 Ke8 52.e6 fxe6 53.
Kxe6 1/2-1/2

[Event "19th EUR-ch"]
[Site "Batumi GEO"]
[Date "2018.03.25"]
[Round "8.97"]
[White "Asadli, Vugar"]
[Black "Pogosyan, Stefan"]
[Result "1-0"]
[WhiteElo "2449"]
[BlackElo "2322"]
[EventDate "2018.03.17"]
[PlyCount "83"]

1.e4 e5 2.Bc4 Nf6 3.d3 Nc6 4.Nc3 Na5 5.Nge2 c6 6.O-O b5 7.Bb3 b4 8.Na4 
Nxb3 9.axb3 d5 10.f4 exf4 11.e5 Nd7 12.Nxf4 Be7 13.d4 O-O 14.c4 bxc3 15.
bxc3 Nb6 16.Nxb6 Qxb6 17.Ba3 Bxa3 18.Rxa3 a5 19.Rf2 Qd8 20.Nd3 Qg5 21.Nc5 
Bg4 22.Qd2 Qg6 23.Ra1 f6 24.e6 Rfe8 25.Re1 Re7 26.Qf4 Bh5 27.h3 Qe8 28.g4 
Bg6 29.g5 fxg5 30.Qxg5 Be4 31.Qe5 Qg6+ 32.Kh2 Rae8 33.Ref1 h5 34.Rg1 Qh6 
35.Rg5 h4 36.Rf4 Rf8 37.Rxf8+ Kxf8 38.Nd7+ Kg8 39.Qb8+ Kh7 40.Nf8+ Kg8 41.
Ng6+ Kh7 42.Qh8# 1-0

[Event "19th EUR-ch"]
[Site "Batumi GEO"]
[Date "2018.03.25"]
[Round "8.98"]
[White "Akhvlediani, Irakli"]
[Black "Draskovic, Luka"]
[Result "0-1"]
[WhiteElo "2318"]
[BlackElo "2447"]
[EventDate "2018.03.17"]
[PlyCount "140"]

1.d4 d6 2.Nf3 g6 3.c4 Bg7 4.Nc3 c5 5.d5 Bxc3+ 6.bxc3 Nf6 7.Nd2 e5 8.e4 
Nbd7 9.Be2 Qe7 10.O-O O-O 11.Qc2 Ne8 12.Nb3 Ng7 13.f4 exf4 14.Bxf4 Ne5 15.
Rae1 f6 16.Nd2 g5 17.Bg3 Ng6 18.Bd1 Bd7 19.Nb1 Rae8 20.h3 h5 21.Qd2 h4 22.
Bh2 Ne5 23.Na3 Qf7 24.Be2 Qg6 25.Nb5 Bxb5 26.cxb5 Re7 27.Bg4 Rfe8 28.Bf5 
Nxf5 29.exf5 Qf7 30.Re4 c4 31.Qd4 Nc6 32.Rxe7 Nxd4 33.Rxf7 Ne2+ 34.Kh1 
Kxf7 35.Rf3 Ke7 36.a4 Kd7 37.a5 Re4 38.a6 bxa6 39.bxa6 Kc7 40.g4 hxg3 41.
Bxg3 Nxg3+ 42.Rxg3 Rf4 43.Re3 Rxf5 44.Re4 Rxd5 45.Rxc4+ Kb6 46.Kg2 Kxa6 
47.Kf3 f5 48.Rc8 Rc5 49.Rg8 Rxc3+ 50.Kg2 g4 51.hxg4 fxg4 52.Rxg4 Re3 53.
Kf2 Re5 54.Rb4 Ka5 55.Rb7 a6 56.Kf3 Rb5 57.Rd7 d5 58.Rd6 Rc5 59.Ke3 Kb5 
60.Kd4 a5 61.Rh6 a4 62.Rh1 Rc4+ 63.Kxd5 a3 64.Rh8 Rg4 65.Rh2 Kb4 66.Rf2 
Rg3 67.Kd4 Kb3 68.Rf8 a2 69.Rf1 Rg4+ 70.Kd3 Ra4 0-1

[Event "19th EUR-ch"]
[Site "Batumi GEO"]
[Date "2018.03.25"]
[Round "8.99"]
[White "Yankelevich, Lev"]
[Black "Martynov, Roman"]
[Result "1/2-1/2"]
[WhiteElo "2437"]
[BlackElo "2319"]
[EventDate "2018.03.17"]
[PlyCount "49"]

1.d4 Nf6 2.c4 e6 3.Nf3 b6 4.g3 Ba6 5.b3 Bb4+ 6.Bd2 Be7 7.Nc3 d5 8.cxd5 
exd5 9.Bg2 O-O 10.O-O Bb7 11.Bc1 Na6 12.Bb2 Re8 13.Rc1 Bd6 14.a3 c5 15.Nh4
Bf8 16.Rc2 Qd7 17.Nf3 Qe7 18.e3 Nc7 19.Nh4 Ne4 20.Nxe4 dxe4 21.dxc5 bxc5 
22.Nf5 Qe6 23.Bh3 Qg6 24.Qd7 Bc8 25.Qxc7 1/2-1/2

[Event "19th EUR-ch"]
[Site "Batumi GEO"]
[Date "2018.03.25"]
[Round "8.100"]
[White "Baghdasarian, Vahe"]
[Black "Gvetadze, Sofio"]
[Result "0-1"]
[WhiteElo "2431"]
[BlackElo "2308"]
[EventDate "2018.03.17"]
[PlyCount "50"]

1.c4 e6 2.Nc3 d5 3.e3 Nf6 4.Nf3 Bd6 5.b3 c6 6.Bb2 O-O 7.Qc2 Nbd7 8.Be2 Re8
9.g4 Nxg4 10.Rg1 Ngf6 11.cxd5 exd5 12.Nh4 Nf8 13.Nf5 Bxf5 14.Qxf5 Ng6 15.
O-O-O b5 16.Bd3 a5 17.f4 a4 18.h4 axb3 19.axb3 d4 20.Nb1 dxe3 21.Bxf6 gxf6
22.h5 Ra1 23.Rxg6+ hxg6 24.Rg1 exd2+ 25.Kb2 d1=N+ 0-1

[Event "19th EUR-ch"]
[Site "Batumi GEO"]
[Date "2018.03.25"]
[Round "8.101"]
[White "Ahmadzada, Ahmad"]
[Black "Zavhorodnii, Serhii"]
[Result "1/2-1/2"]
[WhiteElo "2283"]
[BlackElo "2430"]
[EventDate "2018.03.17"]
[PlyCount "40"]

1.e4 e5 2.Nf3 d6 3.d4 exd4 4.Nxd4 Nf6 5.Nc3 Be7 6.g3 O-O 7.Bg2 Nc6 8.h3 
Nxd4 9.Qxd4 Be6 10.O-O c6 11.Be3 Qc8 12.g4 Rd8 13.Rad1 h5 14.g5 Bxh3 15.
Bxh3 Qxh3 16.gxf6 Bxf6 17.Qd3 Qg4+ 18.Kh2 Qh4+ 19.Kg2 Qg4+ 20.Kh2 Qh4+ 
1/2-1/2

[Event "19th EUR-ch"]
[Site "Batumi GEO"]
[Date "2018.03.25"]
[Round "8.102"]
[White "Perunovic, Miodrag"]
[Black "Nuber, Blasius"]
[Result "1-0"]
[WhiteElo "2429"]
[BlackElo "2284"]
[EventDate "2018.03.17"]
[PlyCount "65"]

1.d4 d5 2.c4 e6 3.Nc3 Be7 4.Nf3 Nf6 5.Bg5 Nbd7 6.cxd5 exd5 7.e3 O-O 8.Bd3 
Re8 9.Qc2 c6 10.O-O Nf8 11.Rab1 a5 12.a3 g6 13.b4 axb4 14.axb4 Ne6 15.Bh4 
Ng7 16.b5 Bf5 17.bxc6 bxc6 18.Ne5 Qd6 19.Rb7 Ra3 20.Bxf5 Nxf5 21.Bxf6 Qxf6
22.Rb6 Bd6 23.Rxc6 Rxe5 24.dxe5 Qxe5 25.g3 d4 26.Nb1 dxe3 27.Nxa3 e2 28.
Rc8+ Kg7 29.Re1 Nd4 30.Qc3 Bxa3 31.Qxa3 Qd5 32.Qb2 f6 33.Rc3 1-0

[Event "19th EUR-ch"]
[Site "Batumi GEO"]
[Date "2018.03.25"]
[Round "8.103"]
[White "Haria, Ravi"]
[Black "Sargissian, Sargis"]
[Result "1-0"]
[WhiteElo "2424"]
[BlackElo "2284"]
[EventDate "2018.03.17"]
[PlyCount "107"]

1.e4 c5 2.Nf3 d6 3.Bb5+ Nd7 4.O-O Nf6 5.Re1 a6 6.Bf1 g6 7.c3 Bg7 8.d4 e5 
9.dxe5 dxe5 10.a4 O-O 11.Na3 b6 12.Bg5 Bb7 13.Qc2 Qc7 14.Rad1 Rfe8 15.Nc4 
Re6 16.Bxf6 Nxf6 17.Ng5 Rc6 18.Qb3 h6 19.Nf3 Re6 20.Nfd2 Rb8 21.Ne3 Rd8 
22.f3 h5 23.Ndc4 Rxd1 24.Rxd1 Bf8 25.g3 Bh6 26.Bh3 Bxe3+ 27.Nxe3 Rd6 28.
Rxd6 Qxd6 29.Nc4 Qd3 30.Nxe5 Qe3+ 31.Kf1 Qc1+ 32.Ke2 c4 33.Qxb6 Qc2+ 34.
Kf1 Qd1+ 35.Kf2 Bxe4 36.fxe4 Nxe4+ 37.Kg2 Qe2+ 38.Kg1 Qe1+ 39.Bf1 Nxg3 40.
Qf2 Qxe5 41.hxg3 Qc7 42.a5 Kg7 43.Qf4 Qxa5 44.Qxc4 f6 45.Qxa6 Qc7 46.Kg2 
g5 47.Qe2 Qb7+ 48.Kh2 Kh6 49.Bg2 Qc7 50.Qe6 Kg7 51.Bd5 h4 52.Qg8+ Kh6 53.
Qf8+ Kh5 54.Qf7+ 1-0

[Event "19th EUR-ch"]
[Site "Batumi GEO"]
[Date "2018.03.25"]
[Round "8.104"]
[White "Hakobyan, Hovhannes H."]
[Black "Ushenina, Anna"]
[Result "1/2-1/2"]
[WhiteElo "2280"]
[BlackElo "2423"]
[EventDate "2018.03.17"]
[PlyCount "78"]

1.e4 c6 2.d4 d5 3.exd5 cxd5 4.c4 Nf6 5.Nc3 g6 6.Nf3 Bg7 7.cxd5 O-O 8.Be2 
Nxd5 9.O-O Nc6 10.Qb3 Nxc3 11.bxc3 Qc7 12.Qa3 b6 13.Bg5 Re8 14.Rac1 Be6 
15.Rfd1 Rad8 16.Be3 Na5 17.Nd2 Qd6 18.Qa4 Bd7 19.Bb5 Bxb5 20.Qxb5 Qd7 21.
Qb4 Qc7 22.h3 Rd7 23.Nb3 Nc4 24.Bf4 Qc8 25.Nd2 Nxd2 26.Rxd2 Qc6 27.Be3 
Red8 28.c4 Qe4 29.d5 Rxd5 30.Rxd5 Rxd5 31.Qa4 Bb2 32.Qe8+ Kg7 33.cxd5 Bxc1
34.Bxc1 Qe1+ 35.Kh2 Qxc1 36.Qxe7 Qf4+ 37.Kg1 Qc1+ 38.Kh2 Qf4+ 39.Kg1 Qc1+ 
1/2-1/2

[Event "19th EUR-ch"]
[Site "Batumi GEO"]
[Date "2018.03.25"]
[Round "8.105"]
[White "Janik, Igor"]
[Black "Mikadze, Miranda"]
[Result "1-0"]
[WhiteElo "2422"]
[BlackElo "2268"]
[EventDate "2018.03.17"]
[PlyCount "40"]

1.e4 c6 2.d4 d5 3.e5 c5 4.dxc5 Nc6 5.Nf3 e6 6.a3 Bxc5 7.b4 Bb6 8.Bb2 Nge7 
9.Bd3 Ng6 10.g3 Bc7 11.Qe2 d4 12.Bxg6 hxg6 13.b5 Na5 14.Bxd4 b6 15.Nbd2 g5
16.g4 Bb7 17.Rg1 Rc8 18.c3 Qd5 19.Nxg5 Rxh2 20.Nde4 Nb3 1-0

[Event "19th EUR-ch"]
[Site "Batumi GEO"]
[Date "2018.03.25"]
[Round "8.106"]
[White "Aleksanian, Hrant"]
[Black "Sousa, Andre Ventura"]
[Result "1-0"]
[WhiteElo "2250"]
[BlackElo "2417"]
[EventDate "2018.03.17"]
[PlyCount "75"]

1.d4 Nf6 2.c4 e6 3.g3 d5 4.Nf3 Bb4+ 5.Nbd2 dxc4 6.Qc2 b5 7.a4 c6 8.Bg2 Bb7
9.O-O a6 10.Ne4 Nbd7 11.Bg5 h6 12.Nxf6+ Nxf6 13.Bxf6 gxf6 14.e4 Qb6 15.
Rfd1 Rd8 16.Qc1 Qc7 17.axb5 cxb5 18.d5 Bc5 19.Qc3 e5 20.Bh3 Qb6 21.Qd2 h5 
22.Nh4 Ra8 23.Kg2 a5 24.f4 Be3 25.Qe2 exf4 26.Nf5 Bc8 27.d6 Bxf5 28.Bxf5 
a4 29.Rd5 Rd8 30.Rad1 Kf8 31.Kf3 Bc5 32.e5 Kg8 33.exf6 Rh6 34.Qe7 Rf8 35.
Bh7+ Kxh7 36.Qxf8 Rxf6 37.Rxh5+ Kg6 38.Qh6# 1-0

[Event "19th EUR-ch"]
[Site "Batumi GEO"]
[Date "2018.03.25"]
[Round "8.107"]
[White "Gadimbayli, Abdulla"]
[Black "Tifferet, Shaked"]
[Result "1/2-1/2"]
[WhiteElo "2416"]
[BlackElo "2274"]
[EventDate "2018.03.17"]
[PlyCount "79"]

1.e4 e5 2.Nf3 Nc6 3.Bb5 a6 4.Ba4 Nf6 5.O-O Be7 6.Re1 b5 7.Bb3 d6 8.c3 O-O 
9.h3 Bb7 10.d4 Re8 11.Ng5 Rf8 12.Nf3 Re8 13.Nbd2 exd4 14.cxd4 Nd7 15.Nf1 
Na5 16.Bc2 Bf6 17.b3 c5 18.Bb2 Nc6 19.Ne3 Nxd4 20.Nxd4 Qb6 21.Nef5 cxd4 
22.Bxd4 Bxd4 23.Qxd4 Qxd4 24.Nxd4 Rac8 25.Rad1 g6 26.Bb1 Nf6 27.f3 Re7 28.
Re2 Rce8 29.Rde1 Nd7 30.Kf2 Kf8 31.Nc2 d5 32.exd5 Bxd5 33.Nb4 Bb7 34.Nd3 
Rxe2+ 35.Rxe2 Re7 36.Rxe7 Kxe7 37.Ke3 Kd6 38.Kd4 Nb6 39.Ne5 f6 40.Nd3 
1/2-1/2

[Event "19th EUR-ch"]
[Site "Batumi GEO"]
[Date "2018.03.25"]
[Round "8.108"]
[White "Oglaza, Oskar"]
[Black "Erenberg, Ariel"]
[Result "1/2-1/2"]
[WhiteElo "2240"]
[BlackElo "2415"]
[EventDate "2018.03.17"]
[PlyCount "60"]

1.e4 e5 2.Nf3 Nc6 3.d4 exd4 4.Nxd4 Nf6 5.Nxc6 bxc6 6.Qe2 Rb8 7.e5 Nd5 8.c4
Bb4+ 9.Bd2 Nf4 10.Qe3 Ne6 11.Bxb4 Rxb4 12.Qd2 c5 13.Bd3 O-O 14.Nc3 Bb7 15.
O-O f6 16.f4 Qe7 17.Rae1 Bc6 18.Be4 Bxe4 19.exf6 Qxf6 20.Rxe4 Qf7 21.f5 c6
22.f6 gxf6 23.Rg4+ Kh8 24.Ne4 Qe7 25.Ng3 Ng7 26.Re4 Qf7 27.b3 Rbb8 28.Ref4
Qe6 29.Ne4 Qe5 30.Qd6 Rbe8 1/2-1/2

[Event "19th EUR-ch"]
[Site "Batumi GEO"]
[Date "2018.03.25"]
[Round "8.109"]
[White "Mkrtchian, Sargis"]
[Black "Schnider, Gert"]
[Result "0-1"]
[WhiteElo "2224"]
[BlackElo "2414"]
[EventDate "2018.03.17"]
[PlyCount "46"]

1.d4 Nf6 2.c4 e6 3.Nf3 d5 4.g3 Bb4+ 5.Bd2 Be7 6.Bg2 Nbd7 7.O-O c6 8.Qc2 b6
9.Rd1 Ba6 10.Ne5 Nxe5 11.dxe5 Nd7 12.cxd5 cxd5 13.Nc3 O-O 14.Bf4 g5 15.Bc1
Nxe5 16.Nxd5 exd5 17.Rxd5 Qb8 18.Qe4 Ng6 19.Bxg5 Bb7 20.Bxe7 Bxd5 21.Qxd5 
Nxe7 22.Qg5+ Ng6 23.Bxa8 Qxa8 0-1

[Event "19th EUR-ch"]
[Site "Batumi GEO"]
[Date "2018.03.25"]
[Round "8.110"]
[White "Danielian, Elina"]
[Black "Babazada, Khazar"]
[Result "1-0"]
[WhiteElo "2413"]
[BlackElo "2230"]
[EventDate "2018.03.17"]
[PlyCount "73"]

1.d4 Nf6 2.Bg5 c5 3.Bxf6 gxf6 4.d5 Qb6 5.Qc1 f5 6.e3 Bg7 7.c3 Qd6 8.Qd1 
Na6 9.a4 Nc7 10.Bc4 e6 11.Na3 exd5 12.Nb5 Nxb5 13.axb5 d4 14.Ne2 Qe7 15.
exd4 cxd4 16.O-O O-O 17.Nxd4 Qc5 18.Ra4 d6 19.Bd3 f4 20.Qf3 Qg5 21.Qe4 Qg6
22.Qf3 Qg4 23.Qxg4 Bxg4 24.Rfa1 Rfc8 25.f3 Bd7 26.Ne2 Rc5 27.Rxa7 Rxa7 28.
Rxa7 Bxb5 29.Ra8+ Bf8 30.Bxb5 Rxb5 31.b4 d5 32.Rd8 d4 33.Rxd4 f5 34.Nxf4 
Bg7 35.Rd8+ Kf7 36.Rd7+ Kg8 37.Nd5 1-0

[Event "19th EUR-ch"]
[Site "Batumi GEO"]
[Date "2018.03.25"]
[Round "8.111"]
[White "Stukan, Martin"]
[Black "Can, Isik"]
[Result "0-1"]
[WhiteElo "2210"]
[BlackElo "2413"]
[EventDate "2018.03.17"]
[PlyCount "64"]

1.e4 c6 2.d4 d5 3.exd5 cxd5 4.c4 Nf6 5.Nc3 Nc6 6.Nf3 Bg4 7.cxd5 Nxd5 8.Bc4
e6 9.O-O Bxf3 10.Qxf3 Nxd4 11.Qe4 Nxc3 12.bxc3 Nc6 13.Rb1 Qc8 14.Qg4 g6 
15.Qf3 Bd6 16.Bh6 Qc7 17.h3 O-O-O 18.Qe4 Bc5 19.Rb5 Bb6 20.Bf4 e5 21.Bxe5 
Nxe5 22.Rxe5 f5 23.Qe2 Rd2 24.Qxd2 Qxe5 25.Re1 Qc7 26.Be6+ Kb8 27.Rd1 Re8 
28.Bd5 Qc5 29.Rb1 Re7 30.c4 Qd6 31.a4 Qc5 32.Re1 Qxf2+ 0-1

[Event "19th EUR-ch"]
[Site "Batumi GEO"]
[Date "2018.03.25"]
[Round "8.112"]
[White "Bagaturov, Giorgi"]
[Black "Garayev, Kanan"]
[Result "1-0"]
[WhiteElo "2410"]
[BlackElo "2252"]
[EventDate "2018.03.17"]
[PlyCount "80"]

1.d4 Nf6 2.Nf3 g6 3.c4 Bg7 4.g3 O-O 5.Bg2 d6 6.Nc3 Nbd7 7.O-O e5 8.e4 exd4
9.Nxd4 Re8 10.h3 Nc5 11.Re1 a5 12.b3 c6 13.Bf4 Nh5 14.Be3 Nf6 15.Qc2 Qc7 
16.Rad1 Bd7 17.f4 Rad8 18.g4 h6 19.Bf2 Ne6 20.Nxe6 Bxe6 21.Na4 c5 22.Nc3 
Bd7 23.Bh4 Bc6 24.Nd5 Bxd5 25.cxd5 b5 26.Bf1 Qb6 27.e5 dxe5 28.fxe5 Nxd5 
29.Bxd8 Rxd8 30.Qd2 Bf8 31.Bc4 bxc4 32.bxc4 Rd7 33.cxd5 c4+ 34.Kh1 Bb4 35.
Qe3 Qb7 36.e6 Rxd5 37.exf7+ Qxf7 38.Qe8+ Qxe8 39.Rxe8+ Kf7 40.Rxd5 Kxe8 
1-0

[Event "19th EUR-ch"]
[Site "Batumi GEO"]
[Date "2018.03.25"]
[Round "8.113"]
[White "Schekachikhin, Maksim"]
[Black "Abdullayev, Elshad"]
[Result "1-0"]
[WhiteElo "2406"]
[BlackElo "2168"]
[EventDate "2018.03.17"]
[PlyCount "65"]

1.d4 Nf6 2.c4 e6 3.Nf3 Bb4+ 4.Nbd2 d5 5.Qa4+ Nc6 6.e3 O-O 7.a3 Bxd2+ 8.
Bxd2 Ne4 9.Qc2 Re8 10.Bd3 Nxd2 11.Nxd2 dxc4 12.Bxh7+ Kh8 13.Be4 e5 14.Qxc4
f5 15.Bxc6 bxc6 16.dxe5 Rb8 17.Nf3 Be6 18.Qe2 c5 19.O-O Qe7 20.Rfd1 Rb6 
21.Rd2 g5 22.Rc1 g4 23.Ne1 Bc8 24.f4 Rh6 25.g3 Ba6 26.Qg2 Rd8 27.Rcd1 Rxd2
28.Qxd2 Rb6 29.Nd3 Bb7 30.Nxc5 Bc6 31.b4 Rb8 32.e6 Qf6 33.Nd7 1-0

[Event "19th EUR-ch"]
[Site "Batumi GEO"]
[Date "2018.03.25"]
[Round "8.114"]
[White "Kalashian, David"]
[Black "Utiatskaja, Irina"]
[Result "1-0"]
[WhiteElo "2399"]
[BlackElo "2165"]
[EventDate "2018.03.17"]
[PlyCount "57"]

1.e4 c5 2.Nc3 d6 3.Nf3 a6 4.d4 cxd4 5.Nxd4 Nf6 6.h3 e6 7.g4 h6 8.Bg2 g5 9.
Be3 Nbd7 10.h4 Rg8 11.hxg5 hxg5 12.f3 Ne5 13.Bf1 Nfd7 14.Qd2 Be7 15.Rh6 
Ng6 16.Bc4 Nde5 17.Bb3 Bd7 18.O-O-O Nf4 19.Qh2 Bf6 20.Bxf4 gxf4 21.Qh5 Rg5
22.Qh2 Rg8 23.Nf5 exf5 24.Nd5 Nxg4 25.fxg4 Be5 26.Qh5 Rf8 27.exf5 Bc6 28.
Re6+ Kd7 29.Rxe5 1-0

[Event "19th EUR-ch"]
[Site "Batumi GEO"]
[Date "2018.03.25"]
[Round "8.115"]
[White "Yeritsian, Hayk"]
[Black "Tate, Alan"]
[Result "1/2-1/2"]
[WhiteElo "2149"]
[BlackElo "2399"]
[EventDate "2018.03.17"]
[PlyCount "42"]

1.e4 e5 2.Nf3 Nc6 3.Be2 Nf6 4.Nc3 d5 5.exd5 Nxd5 6.O-O Nxc3 7.bxc3 e4 8.
Nd4 Nxd4 9.cxd4 Qxd4 10.c3 Qd5 11.d4 Be7 12.c4 Qd8 13.f3 Bf6 14.Be3 c5 15.
d5 exf3 16.Bxf3 Bxa1 17.Qxa1 O-O 18.Bxc5 Re8 19.Bh5 f6 20.Bxe8 Qxe8 21.Re1
Qg6 1/2-1/2

[Event "19th EUR-ch"]
[Site "Batumi GEO"]
[Date "2018.03.25"]
[Round "8.116"]
[White "Muradli, Mahammad"]
[Black "Qalichava, Akaki"]
[Result "1-0"]
[WhiteElo "2398"]
[BlackElo "1796"]
[EventDate "2018.03.17"]
[PlyCount "54"]

1.d4 Nf6 2.Nf3 b6 3.g3 e6 4.c4 Ba6 5.b3 Bb4+ 6.Bd2 Be7 7.Nc3 Bb7 8.Bg2 O-O
9.Qc2 d5 10.cxd5 exd5 11.O-O Nbd7 12.Rad1 c6 13.Bc1 Re8 14.Rfe1 b5 15.Ne5 
Bb4 16.Nd3 Bd6 17.e4 dxe4 18.Nc5 Bxc5 19.dxc5 Qa5 20.Nxe4 Nxe4 21.Rxe4 
Rxe4 22.Qxe4 Nf8 23.Qe7 Rb8 24.Bf4 Ng6 25.Qd7 Nf8 26.Qe7 Ng6 27.Bxb8 b4 
1-0

[Event "19th EUR-ch"]
[Site "Batumi GEO"]
[Date "2018.03.25"]
[Round "8.117"]
[White "Smolin, Sergey"]
[Black "Bosman, Michiel"]
[Result "0-1"]
[WhiteElo "2153"]
[BlackElo "2398"]
[EventDate "2018.03.17"]
[PlyCount "31"]

1.e4 e6 2.d4 d5 3.e5 c5 4.dxc5 Nc6 5.Nf3 Bxc5 6.Bd3 f6 7.Qe2 fxe5 8.Nxe5 
Nxe5 9.Qxe5 Nf6 10.Be3 Bd6 11.Qg5 O-O 12.f4 h6 13.Qg6 Qe7 14.Nc3 Qf7 15.
Bd4 Bxf4 16.O-O 0-1

[Event "19th EUR-ch"]
[Site "Batumi GEO"]
[Date "2018.03.25"]
[Round "8.118"]
[White "Tarun, Kanyamarala"]
[Black "Bashirli, Nail"]
[Result "1/2-1/2"]
[WhiteElo "1920"]
[BlackElo "2384"]
[EventDate "2018.03.17"]
[PlyCount "37"]

1.Nf3 Nf6 2.c4 b6 3.g3 c5 4.Bg2 Bb7 5.Nc3 g6 6.d4 cxd4 7.Qxd4 Bg7 8.Qh4 h6
9.O-O d6 10.Be3 Nbd7 11.Rac1 Rc8 12.Rfd1 g5 13.Qd4 O-O 14.h4 Ne4 15.Qd3 
Nxc3 16.Rxc3 Bxf3 17.exf3 gxh4 18.Rc2 hxg3 19.fxg3 1/2-1/2

[Event "19th EUR-ch"]
[Site "Batumi GEO"]
[Date "2018.03.25"]
[Round "8.119"]
[White "Abdulla, Khayala"]
[Black "Sanal, Vahap"]
[Result "1/2-1/2"]
[WhiteElo "2248"]
[BlackElo "2543"]
[EventDate "2018.03.17"]
[PlyCount "68"]

1.e4 e5 2.Nf3 Nc6 3.Bb5 a6 4.Ba4 Nf6 5.d3 d6 6.c3 g6 7.O-O Bg7 8.Re1 O-O 
9.Bg5 h6 10.Bh4 Ne7 11.d4 exd4 12.cxd4 g5 13.Bg3 Nh5 14.Nc3 Ng6 15.Bb3 g4 
16.Nd2 Nxg3 17.hxg3 Bxd4 18.Nc4 Qf6 19.Ne3 c6 20.Qd2 Kh7 21.Nf5 Bxc3 22.
Qxh6+ Kg8 23.bxc3 Bxf5 24.exf5 Qxf5 25.Re2 Rae8 26.Rae1 Rxe2 27.Rxe2 d5 
28.Bc2 Qf6 29.Qh5 Kg7 30.Qxg4 Qxc3 31.Bxg6 fxg6 32.Re7+ Rf7 33.Re8 Qc5 34.
Qc8 Qxf2+ 1/2-1/2

[Event "19th EUR-ch"]
[Site "Batumi GEO"]
[Date "2018.03.25"]
[Round "8.120"]
[White "Olcum, Ahmet"]
[Black "Bernotas, Arturs"]
[Result "1/2-1/2"]
[WhiteElo "2257"]
[BlackElo "2436"]
[EventDate "2018.03.17"]
[PlyCount "62"]

1.e4 d6 2.d4 Nf6 3.Nc3 e5 4.Nf3 Nbd7 5.g4 Nxg4 6.Rg1 exd4 7.Nxd4 Nde5 8.h3
Nf6 9.f4 Ng6 10.Be3 d5 11.exd5 Bb4 12.Bb5+ Kf8 13.Qd3 Nxd5 14.O-O-O Bxc3 
15.bxc3 Qe7 16.Rde1 Qa3+ 17.Kd2 Nge7 18.f5 Qd6 19.Bg5 f6 20.Be3 c6 21.Bc4 
Bd7 22.Kd1 c5 23.Ne6+ Bxe6 24.fxe6 Nxe3+ 25.Rxe3 Rd8 26.Qxd6 Rxd6+ 27.Rd3 
Rxd3+ 28.cxd3 Nf5 29.Ke2 g6 30.Bd5 Ke7 31.Bxb7 Kxe6 1/2-1/2

[Event "19th EUR-ch"]
[Site "Batumi GEO"]
[Date "2018.03.25"]
[Round "8.122"]
[White "Tokranovs, Dmitrijs"]
[Black "Paramzina, Anastasya"]
[Result "1/2-1/2"]
[WhiteElo "2375"]
[BlackElo "2281"]
[EventDate "2018.03.17"]
[PlyCount "95"]

1.e4 c5 2.c4 Nc6 3.Nf3 e5 4.Nc3 d6 5.d3 Nf6 6.h3 Be7 7.g3 Bd7 8.Bg2 Qc8 9.
a3 O-O 10.Rb1 Bd8 11.Bg5 Ne8 12.Bxd8 Qxd8 13.O-O Nc7 14.b4 b6 15.Qd2 Ne6 
16.Kh2 a6 17.Nd5 cxb4 18.axb4 Rb8 19.Nh4 Ned4 20.f4 b5 21.f5 f6 22.Qa2 Rf7
23.Nf3 Bc8 24.Rfc1 Kh8 25.Nd2 Ra7 26.Nf1 a5 27.cxb5 Rxb5 28.bxa5 Raxa5 29.
Qf2 Ba6 30.Qd2 Qb8 31.Rxb5 Rxb5 32.Rc3 Rb2 33.Qd1 Rb3 34.Nfe3 Rxc3 35.Nxc3
Qb3 36.Qh5 Bxd3 37.Ncd5 Qb8 38.Qf7 Qg8 39.Qd7 Qd8 40.Qf7 Nc2 41.Nxc2 Bxc2 
42.Qb7 Nd4 43.h4 Bb3 44.Ne7 Ba4 45.g4 Bd7 46.Nd5 Bc6 47.Qb4 Bxd5 48.exd5 
1/2-1/2

[Event "19th EUR-ch"]
[Site "Batumi GEO"]
[Date "2018.03.25"]
[Round "8.123"]
[White "Torosian, Norayr"]
[Black "Kubicka, Anna"]
[Result "1-0"]
[WhiteElo "2371"]
[BlackElo "2235"]
[EventDate "2018.03.17"]
[PlyCount "37"]

1.e4 c6 2.d4 d5 3.e5 Bf5 4.h4 h5 5.Bd3 Bxd3 6.Qxd3 e6 7.Bg5 Qb6 8.Nd2 Nd7 
9.Ngf3 Ne7 10.O-O Nf5 11.c4 Be7 12.Bxe7 Nxe7 13.c5 Qc7 14.b4 b6 15.Rfb1 
O-O 16.Nf1 Nf5 17.Ng5 g6 18.Ng3 Nxg3 19.fxg3 1-0